|
|
|
|
| LEADER |
00000nam0a2200000 4500 |
| 001 |
306073 |
| 005 |
20231102001848.0 |
| 035 |
|
|
|a (RuTPU)RU\TPU\book\331350
|
| 090 |
|
|
|a 306073
|
| 100 |
|
|
|a 20151002d1970 m y0rusy50 ca
|
| 101 |
0 |
|
|a rus
|
| 102 |
|
|
|a RU
|
| 105 |
|
|
|a a j 001zy
|
| 200 |
1 |
|
|a Электронные приборы
|e учебное пособие для техникумов
|f М. С. Кауфман, К. И. Палатов
|g под ред. Р. А. Нилендера
|
| 205 |
|
|
|a 3-е изд., перераб.
|
| 210 |
|
|
|a Москва
|c Энергия
|d 1970
|
| 215 |
|
|
|a 480 с.
|c ил.
|
| 320 |
|
|
|a Предметный указатель: с. 472-476
|
| 606 |
1 |
|
|a Электронные приборы
|2 stltpush
|3 (RuTPU)RU\TPU\subj\20460
|9 45561
|
| 610 |
1 |
|
|a электроны
|
| 610 |
1 |
|
|a электронная эмиссия
|
| 610 |
1 |
|
|a законы движения
|
| 610 |
1 |
|
|a электрическое поле
|
| 610 |
1 |
|
|a электрическое поле
|
| 610 |
1 |
|
|a магнитное поле
|
| 610 |
1 |
|
|a термоэлектронные катоды
|
| 610 |
1 |
|
|a диоды
|
| 610 |
1 |
|
|a триоды
|
| 610 |
1 |
|
|a применение
|
| 610 |
1 |
|
|a электронные лампы
|
| 610 |
1 |
|
|a приемно-усилительные лампы
|
| 610 |
1 |
|
|a генераторные лампы
|
| 610 |
1 |
|
|a СВЧ-приборы
|
| 610 |
1 |
|
|a сверхвысокочастотные электронные приборы
|
| 610 |
1 |
|
|a фотоэлектронные приборы
|
| 610 |
1 |
|
|a электроннолучевые приборы
|
| 610 |
1 |
|
|a учебные пособия
|
| 675 |
|
|
|a 621.38(075.3)
|v 4
|
| 700 |
|
1 |
|a Кауфман
|b М. С.
|g Михаил Симонович
|
| 701 |
|
1 |
|a Палатов
|b К. И.
|g Константин Иванович
|
| 702 |
|
1 |
|a Нилендер
|b Р. А.
|4 340
|
| 801 |
|
1 |
|a RU
|b 63413507
|c 20151002
|
| 801 |
|
2 |
|a RU
|b 63413507
|c 20200304
|g RCR
|
| 942 |
|
|
|c BK
|